000
00238nam a22001097a 4500
041
_a
ENG
245
_a
Specification For Solar Wax Extractor
260
_a
New Delhi
_b
BIS
_c
1977
300
_a
06
650
_a
BIS Code
856
_u
BIS Code
999
_c
2116
_d
2116